| 000 | 01738cam a22004814i 4500 | ||
|---|---|---|---|
| 003 | PE-LiUPU | ||
| 005 | 20260203121843.0 | ||
| 008 | 150623s r 000 0 d | ||
| 020 | _a1883925312 | ||
| 035 | _a(Sirsi) i9781883925314 | ||
| 040 |
_aPE-LiUPU _bspa _cPE-LiUPU _erda |
||
| 049 | _aPRUA | ||
| 082 | 0 | 4 |
_a241.3 _bK65 _221 |
| 100 | 1 |
_aKnight, George R., _eautor. |
|
| 245 | 1 | 0 |
_aIused to be perfect : _ba study of sin and salvation / _cGeorge R. Knight. |
| 250 | _a2a | ||
| 264 | 1 |
_aBerrien Springs, Michigan : _bAndrews University Press, _c2001. |
|
| 300 |
_a105 páginas ; _c21 centímetros |
||
| 336 |
_atext _2rdacontent |
||
| 337 |
_aunmediated _2rdamedia |
||
| 338 |
_avolume _2rdacarrier |
||
| 504 | _aIncluye bibliografía al final de cada capítulo. | ||
| 505 | 0 | _aSin is love. Adventists neglect the law. Justification the work of a lifetime sanctification the work of a moment. Temptation is not temptation. Perfect but yet perfect sinless but not yet sinless. I used to be perfect. | |
| 526 | _aSEG42 | ||
| 526 | _aSEG41 | ||
| 526 | _aSEG40 | ||
| 526 | _aSEG39 | ||
| 526 | _aP94 | ||
| 526 | _aP87 | ||
| 526 | _aP86 | ||
| 526 | _aP85 | ||
| 526 | _aP77 | ||
| 526 | _aP76 | ||
| 526 | _aP35 | ||
| 650 | 0 | 4 | _aPecado. |
| 650 | 0 | 0 |
_aSalvación _9870 |
| 942 |
_2ddc _cBOOK |
||
| 949 |
_a241.3 K65 _wDEWEY _c1 _i53390 _lCCODEBUL1 _mBUL _p9.00 _r0 _sY _tBOOK _u2015-6-24 _xTEOLOGIA _PP35 _0COMPRA _o.STAFF. Colección General |
||
| 994 |
_aC0 _bPEPRU |
||
| 596 | _a1 | ||
| 999 |
_a241.3 K65 _wDEWEY _c35359 _i53390 _f2021-11-11 _g6 _lCCODEBUL1 _mBUL _p9.00 _r0 _sY _tBOOK _u2015-6-24 _xTEOLOGIA _PP35 _0COMPRA _o.STAFF. Colección General _d35359 |
||
| 980 |
_818226 _gJaime Vilcazán Jefe de Análisis Documental |
||